| 000 | 00803nam a22002177a 4500 | ||
|---|---|---|---|
| 999 |
_c6782 _d6782 |
||
| 003 | AR-CdUCM | ||
| 008 | 190319b ||||| |||| 00| 0 spa d | ||
| 040 |
_aMUNICIPALIDAD PROVINCIAL DEL CUSCO _cBIBLIOTECA MUNICIPAL DEL CUSCO |
||
| 041 | _heng | ||
| 082 |
_a631.43 / _bB61 |
||
| 100 |
_aBlack, Charles Allen _919090 |
||
| 245 | _aRelaciones suelo-planta / | ||
| 260 |
_aBuenos Aires : _bHemisferio, _c1975. |
||
| 300 |
_a2 tomos ; _bilustraciones ; _c23 cm. |
||
| 505 | _aContenido: t.1: Caracterización del suelo -- Agua -- Aeración -- Bases intercambiables -- Acidez del suelo -- Salinidad y exceso de sodio -- t.2: Nitrógeno -- Fósforo -- Potasio. | ||
| 650 |
_aRelaciones suelo-planta _919091 |
||
| 650 |
_aSuelos _919092 |
||
| 650 |
_aQuímica _94512 |
||
| 942 |
_2ddc _cLIBROS |
||
| 945 | _azta | ||